000 01398cam a2200229 4500
001 WB3943-13
008 031113n2003 000 0 eng u
035 _a(Sirsi) u124320
245 _aPlanning must put the community first
260 _c2003
490 _aODPM News Release
_v238 12 November 2003 (3)
520 _aTwo new guides were launched at the LGA planning conference by Planning Minister Keith Hill. As part of the government's Planning Reform Agenda from summer 2004 authorities will have to prepare Local Development Frameworks for the future of their areas. The first guide is the 'Guide to Procedures', explaining how the planning system will work, the second guide is 'Creating Local Development Frameworks', which has been prepared by Arups and has been written to advise local authorities and others in the preparation of the frameworks. Views on the guides should be made by 16 January, before they are finalised and the commencement of the Planning Bill in the summer of 2004. For details of the press release please go to http://www.odpm.gov.uk/pns/DisplayPN.cgi?pn_id=2003_0238.
590 _aWB
650 _aPLANNING
650 _aPLANNING GUIDELINES
650 _aCOMMUNITIES
650 _aLOCAL DEVELOPMENT FRAMEWORKS
650 _aPLANNING BILL
650 _aGUIDANCE
690 _aENVIRONMENTAL AND LAND CONSULTANCY-PLANNING AND DEVELOPMENT
942 _n0
999 _c73791
_d73791